000 00453nam a22001817a 4500
003 koha_MIRAKIL
005 20231213065355.0
008 231213b |||||||| |||| 00| 0 ||| d
020 _b978-9-75101841-0
040 _aTR-IsEVY
_btur
_cTR-IsEVY
082 _a760 KIL/B
100 _aKILIÇKAN, HÜSEYİN.
245 0 _aBEZEME SANATI VE ÖRNEKLERİ.
260 _bİNKILAP,
_c2004
300 _a192.
650 _aGrafik Sanatlar.
942 _2ddc
_cBK
999 _c2563
_d2563